<?xml version="1.0" encoding="UTF-8"?>
<collection xmlns="http://www.loc.gov/MARC21/slim">
 <record>
  <leader>00583nam a22001695a 4500</leader>
  <controlfield tag="001">EHU.bham006433</controlfield>
  <controlfield tag="008">130507s1973##################000#0#####d</controlfield>
  <controlfield tag="005">20221228073508.0</controlfield>
  <datafield tag="245" ind1="1" ind2="0">
   <subfield code="a">Vocabulario quechua del pastaza /</subfield>
   <subfield code="c">Peter Landerman.</subfield>
  </datafield>
  <datafield tag="260" ind1=" " ind2=" ">
   <subfield code="a">Yarinacocha :</subfield>
   <subfield code="b">Instituto Lingüístico de Verano,</subfield>
   <subfield code="c">1973.</subfield>
  </datafield>
  <datafield tag="300" ind1=" " ind2=" ">
   <subfield code="a">114 p.</subfield>
  </datafield>
  <datafield tag="490" ind1="0" ind2=" ">
   <subfield code="a">Serie Lingüística Peruana ;</subfield>
   <subfield code="v">8</subfield>
  </datafield>
  <datafield tag="100" ind1="1" ind2=" ">
   <subfield code="a">Landerman, Peter</subfield>
  </datafield>
  <datafield tag="082" ind1="4" ind2="9">
   <subfield code="a">498 L233</subfield>
  </datafield>
  <datafield tag="653" ind1=" " ind2=" ">
   <subfield code="a">Lingüística</subfield>
  </datafield>
  <datafield tag="651" ind1=" " ind2="7">
   <subfield code="a">América del Sur</subfield>
   <subfield code="x">Pueblos originarios</subfield>
   <subfield code="2">Lengua quechua</subfield>
  </datafield>
  <datafield tag="859" ind1=" " ind2=" ">
   <subfield code="a">AR-BHAM</subfield>
   <subfield code="b">BIB. HUMANIDADES - General</subfield>
   <subfield code="h">498</subfield>
   <subfield code="i">L233</subfield>
   <subfield code="p">185.74</subfield>
   <subfield code="t">Ej.1</subfield>
  </datafield>
 </record>
</collection>
